000 00920cab a2200253 4500
001 WB3425-22
008 090401t1998 xxu||||| |||| 00| 0 eng d
035 _a(Sirsi) u87129
041 _aeng
245 _aCarbon offsetting
260 _c1998
350 _a0
490 _aObserver
_v`Business` 28 June 1998, 8(1)
520 _aA new market is emerging in `carbon offset`, which enables carbon dioxide producers to neutralise their pollution. Companies can pay money towards the planting and maintenance of forests with donors receiving a certificate in exchange. Three UK organisations are competing for the offset business - two are forestry companies.
650 _aCARBON OFFSET
650 _aCARBON DIOXIDE EMISSIONS
650 _aCOMPANIES
650 _aFORESTS
650 _aFUNDING
650 _aPOLLUTION
690 _aENVIRONMENTAL AND LAND CONSULTANCY
942 _n0
948 _c01/07/1998
999 _c54919
_d54919